000 00664nam a22002417a 4500
003 UA-OsUOA
001 38081
007 ta
008 20070626b un ||||| |||| 00| 0 ukr d
100 _aВирський Дмитро
090 _a94(477).04
_bД53
942 _cBK
040 _aUA-OsUOA
_bukr
_cUA-OsUOA
_dUA-OsUOA
245 _a"Українське місто": Кременчук від заснування до 1764 р.
300 _a435 с.
955 _a1
041 _aukr
080 _a94(477).04
020 _a966-02-3365-5
260 _aК.
_c2004
650 7 _a9 Географія. Біографії. Історія
_2UDC
999 _c436612
_d436612